000 00444nam a2200169Ia 4500
001 11708
003 GE_BSU
008 181216s||||||||xx |||||||||||||| ||und||
040 _cGE_BSU
245 _aИммунология.Том 35. №3. 2014 май июнь
245 _cРед.Е.И.Константинова
260 _aМосква
260 _c2014
300 _a168стр.25см.
653 _aИммунология.
942 _cCR
999 _c44890
_d44890